Indian soil science literature : (Record no. 5022)

MARC details
000 -LEADER
fixed length control field 00715cam a2200229 a 4500
001 - CONTROL NUMBER
control field BD-DhSAU 5022
003 - CONTROL NUMBER IDENTIFIER
control field BD-DhSAU
005 - DATE AND TIME OF LATEST TRANSACTION
control field 20150410104658.0
008 - FIXED-LENGTH DATA ELEMENTS--GENERAL INFORMATION
fixed length control field 820104s1981 ii rb 001 0 eng
040 ## - CATALOGING SOURCE
Original cataloging agency BD-DhSAU
082 ## - DEWEY DECIMAL CLASSIFICATION NUMBER
Classification number 631.40954
Edition number 22
Item number VAI
100 1# - MAIN ENTRY--PERSONAL NAME
Personal name Varade, S. B.,
Dates associated with a name 1936-
245 10 - TITLE STATEMENT
Title Indian soil science literature :
Remainder of title a select bibliography, 1966-1977 /
Statement of responsibility, etc. S.B. Varade, R. Subbaiah, J.V. Mande.
260 ## - PUBLICATION, DISTRIBUTION, ETC. (IMPRINT)
Place of publication, distribution, etc. New Delhi :
Name of publisher, distributor, etc. Agricole Pub. Academy,
Date of publication, distribution, etc. 1981.
300 ## - PHYSICAL DESCRIPTION
Extent xv, 501 p. ;
Dimensions 22 cm.
504 ## - BIBLIOGRAPHY, ETC. NOTE
Bibliography, etc Includes indexes.
590 ## - Name of Cataloguer
Name of Cataloger joy
650 #0 - SUBJECT ADDED ENTRY--TOPICAL TERM
Topical term or geographic name as entry element Soil science
Geographic subdivision India
General subdivision Bibliography.
650 #0 - SUBJECT ADDED ENTRY--TOPICAL TERM
Topical term or geographic name as entry element Soils
Geographic subdivision India
General subdivision Bibliography.
700 1# - ADDED ENTRY--PERSONAL NAME
Personal name Subbaiah, R.
700 1# - ADDED ENTRY--PERSONAL NAME
Personal name Mande, J. V.,
Dates associated with a name 1954-
942 ## - ADDED ENTRY ELEMENTS (KOHA)
Source of classification or shelving scheme Dewey Decimal Classification
Koha item type Book
Holdings
Withdrawn status Lost status Source of classification or shelving scheme Damaged status Not for loan Collection code Home library Branch Name Shelving location Date acquired Total Checkouts Full call number Barcode Date last seen Price effective from Koha item type
    Dewey Decimal Classification   Not For Loan Reference SAU Library SAU Library Reference 28/06/1993   631.40954 VAI 25428 10/04/2015 10/04/2015 Book